| 000 | 00579nas a2200205 4500 | ||
|---|---|---|---|
| 001 | 000037132 | ||
| 003 | DLC | ||
| 005 | 20240906093603.0 | ||
| 008 | 120216c20109999dr ur1p dd 0 0spa d | ||
| 040 |
_aDO-SdBNP _bspa _cBNPHU _erda |
||
| 043 | _anwdr | ||
| 245 | 0 | 0 | _aObservatorio de políticas sociales. |
| 260 |
_aSanto Domingo : _bCentro Montalvo. |
||
| 300 |
_av. : _bil., retrs. |
||
| 310 | _asin frecuencia | ||
| 362 | 1 | _aBoletín 13 (abril 2010) | |
| 500 | _aBoletín 13 | ||
| 500 | _aCatalogación basada en el ejemplar Boletín 13 (abril 2010) | ||
| 942 |
_2ddc _cISSUE |
||
| 999 |
_c36622 _d36622 |
||